Institutional investors, analyst following, and the january anomaly

Na minha lista:
Detalhes bibliográficos
Autor principal: Ackert, Lucy F.
Outros Autores: Athanassakos, George
Formato: Livro
Idioma:inglês
Publicado em: Atlanta Federal Reserve Bank of Atlanta 1998
Colecção:Working papers series Working paper 98-8
Assuntos:
Tags: Adicionar Tag
Sem tags, seja o primeiro a adicionar uma tag!

MARC

LEADER 00000nam a2200000 4500
001 c110432
005 20221221082657.3
041 0 |a eng 
044 |a US 
245 1 0 |a Institutional investors, analyst following, and the january anomaly  |c Lucy F. Ackert and George Athanassakos 
264 1 |a Atlanta  |b Federal Reserve Bank of Atlanta  |c 1998 
300 |a 20 s. 
490 1 |a Working papers series  |v Working paper 98-8 
830 0 |a Working papers series  |v Working paper 98-8 
610 2 0 |a firmy 
610 2 0 |a akcie 
610 2 0 |a ceny 
610 2 0 |a investori 
610 2 0 |a inštitúcia 
610 2 0 |a portfólio 
610 2 0 |a sezónnosť 
610 2 0 |a hypotézy 
610 2 0 |a výskum 
100 1 |a Ackert, Lucy F. 
700 1 |a Athanassakos, George